[Event "7eme Open de Saint-Chely d'Aubrac"]
[Site "Saint-Chely d'Aubrac (12)"]
[Date "2007.07.21"]
[Round "9.8"]
[White "Duffau, Pascal"]
[Black "Jester, Christian"]
[Result "1/2-1/2"]
[WhiteElo "2011"]
[BlackElo "1871"]
[PlyCount "120"]
[EventDate "2007.??.??"]

1. Nf3 d5 2. c4 c6 3. e3 Bg4 4. Qb3 Qc7 5. d4 e6 6. Ne5 Bf5 7. Nc3 Nf6 8. Bd2
dxc4 9. Bxc4 Bd6 10. Rc1 O-O 11. Be2 Qb6 12. Qd1 Rd8 13. Nc4 Qc7 14. h3 Nbd7
15. f4 Nd5 16. O-O N7f6 17. Bf3 Nxc3 18. Bxc3 Be4 19. Qe2 Bxf3 20. Qxf3 Nd5 21.
Bd2 Bb4 22. a3 Bxd2 23. Nxd2 Ne7 24. Rc2 Rf8 25. Rfc1 Rad8 26. Nc4 f6 27. Qe4
Qd7 28. b4 Qd5 29. Nd2 Nf5 30. Rc3 Nd6 31. Qd3 Nf7 32. Rc5 Qd7 33. Qb3 Kh8 34.
Nf3 Nd6 35. a4 a6 36. Nd2 f5 37. Re5 Rde8 38. Nf3 Nf7 39. Rec5 Rc8 40. Qc2 Nd6
41. Nd2 Rfd8 42. Nc4 Nxc4 43. Qxc4 Rb8 44. Re5 Re8 45. Qc5 Qe7 46. Qxe7 Rxe7
47. b5 axb5 48. axb5 Rc8 49. bxc6 Rxc6 50. Rxc6 bxc6 51. e4 fxe4 52. f5 Kg8 53.
fxe6 g6 54. Kf2 Kg7 55. Ke3 Kf6 56. g4 h6 57. h4 Rxe6 58. g5+ hxg5 59. hxg5+
Ke7 60. Kxe4 Kd6 1/2-1/2

[Event "7eme Open de Saint-Chely d'Aubrac"]
[Site "Saint-Chely d'Aubrac (12)"]
[Date "2007.07.21"]
[Round "9.9"]
[White "Huin, Eric"]
[Black "Schmitt, Claude"]
[Result "1/2-1/2"]
[WhiteElo "1929"]
[BlackElo "1970"]
[PlyCount "22"]
[EventDate "2007.??.??"]

1. e4 c5 2. Nf3 e6 3. d4 cxd4 4. Nxd4 Nf6 5. Nc3 d6 6. Bg5 Be7 7. Qd2 a6 8.
O-O-O Qc7 9. f3 Nbd7 10. h4 b5 11. Nce2 Ne5 1/2-1/2

[Event "7eme Open de Saint-Chely d'Aubrac"]
[Site "Saint-Chely d'Aubrac (12)"]
[Date "2007.07.21"]
[Round "9.10"]
[White "Danzanvilliers, Patrice"]
[Black "Carno, Matthias"]
[Result "0-1"]
[WhiteElo "1858"]
[BlackElo "1940"]
[PlyCount "60"]
[EventDate "2007.??.??"]

1. e4 e5 2. Nf3 Nc6 3. Bc4 Nf6 4. Ng5 d5 5. exd5 Na5 6. Bb5+ c6 7. dxc6 bxc6 8.
Be2 h6 9. Nh3 Bxh3 10. gxh3 Qd7 11. Bg4 Qd5 12. Bf3 e4 13. Bg2 Qg5 14. Kf1
O-O-O 15. Nc3 Qh4 16. Qe2 Bc5 17. a3 Nc4 18. Na4 Bd4 19. Nc3 Rhe8 20. Nd1 Ne5
21. Ne3 g5 22. a4 Re7 23. a5 Nh5 24. c3 Bxe3 25. dxe3 Red7 26. Qa6+ Kb8 27. Ke2
Nd3 28. Rf1 Ndf4+ 29. exf4 Nxf4+ 30. Bxf4+ Qxf4 0-1

[Event "7eme Open de Saint-Chely d'Aubrac"]
[Site "Saint-Chely d'Aubrac (12)"]
[Date "2007.07.21"]
[Round "9.11"]
[White "Epstein, Raphael"]
[Black "Rabier, Jean"]
[Result "1/2-1/2"]
[WhiteElo "1771"]
[BlackElo "1930"]
[PlyCount "54"]
[EventDate "2007.??.??"]

1. c4 g6 2. g3 Bg7 3. Bg2 Nf6 4. Nc3 d6 5. Nf3 c6 6. O-O O-O 7. d3 Nbd7 8. Bd2
Rb8 9. Rb1 d5 10. cxd5 cxd5 11. Bf4 Ra8 12. d4 Nb6 13. Be5 Bd7 14. Ne1 Bc6 15.
Nd3 e6 16. e3 Nc4 17. Rc1 Nxe5 18. Nxe5 Rc8 19. Qb3 Qe7 20. Nb5 a6 21. Na7 Rc7
22. Naxc6 bxc6 23. Nxc6 Qd6 24. Ne5 Rfc8 25. Rxc7 Qxc7 26. Nd3 Rb8 27. Qa4 Qc4
1/2-1/2

[Event "7eme Open de Saint-Chely d'Aubrac"]
[Site "Saint-Chely d'Aubrac (12)"]
[Date "2007.07.21"]
[Round "9.12"]
[White "Sidibe, Malika"]
[Black "Luc, Rene"]
[Result "1-0"]
[WhiteElo "1868"]
[BlackElo "1710"]
[PlyCount "59"]
[EventDate "2007.??.??"]

1. e4 c5 2. Nf3 d6 3. d4 cxd4 4. Nxd4 Nf6 5. Nc3 g6 6. f3 Bg7 7. Be3 O-O 8. Qd2
Bd7 9. Bh6 Nc6 10. Nde2 Qa5 11. g4 Ne5 12. Nd4 Qb6 13. O-O-O Rac8 14. h4 Nc4
15. Bxc4 Rxc4 16. Nb3 Be6 17. h5 Bxg4 18. Bxg7 Bxf3 19. Bxf8 Kxf8 20. hxg6 fxg6
21. Rxh7 Nxh7 22. Qf4+ Kg7 23. Qxf3 Rc8 24. Rh1 Qd8 25. Nd4 Qd7 26. Qf4 Nf6 27.
Qh6+ Kf7 28. Nf3 Nh5 29. Ng5+ Kf6 30. Rxh5 1-0

[Event "7eme Open de Saint-Chely d'Aubrac"]
[Site "Saint-Chely d'Aubrac (12)"]
[Date "2007.07.21"]
[Round "9.13"]
[White "Mourgues, Joelle"]
[Black "Tournier, Jean-Pascal"]
[Result "0-1"]
[WhiteElo "1798"]
[BlackElo "1888"]
[PlyCount "80"]
[EventDate "2007.??.??"]

1. Nf3 d5 2. g3 Nc6 3. Bg2 e5 4. d3 f6 5. c3 Bg4 6. O-O Qd7 7. e4 dxe4 8. dxe4
O-O-O 9. Qxd7+ Rxd7 10. Be3 Nge7 11. Nbd2 g5 12. a4 a5 13. Nb3 Ng6 14. h3 Be6
15. Nfd2 h5 16. Rfd1 h4 17. g4 Be7 18. Nc5 Bxc5 19. Bxc5 Rhd8 20. Be3 Bb3 21.
Bf1 Bxd1 22. Rxd1 Nf4 23. Kh2 b6 24. Bb5 Rd6 25. Rb1 Kb7 26. Nc4 Rd1 27. Rxd1
Rxd1 28. Nd2 Nd8 29. Bc4 Nde6 30. b4 axb4 31. cxb4 Ra1 32. a5 bxa5 33. bxa5
Rxa5 34. Nb3 Ra4 35. Bb5 Rxe4 36. Na5+ Kc8 37. Bc6 Rb4 38. Be8 c5 39. Nc6 Rb2
40. Bf7 Kd7 0-1

[Event "7eme Open de Saint-Chely d'Aubrac"]
[Site "Saint-Chely d'Aubrac (12)"]
[Date "2007.07.21"]
[Round "9.14"]
[White "Viennot, Dylan"]
[Black "Lemaire, Olivier"]
[Result "1-0"]
[WhiteElo "1840"]
[BlackElo "1578"]
[PlyCount "89"]
[EventDate "2007.??.??"]

1. e4 e5 2. Nf3 Nc6 3. Bb5 Nd4 4. Bc4 Nxf3+ 5. Qxf3 Qf6 6. d3 Qxf3 7. gxf3 Ne7
8. f4 f6 9. fxe5 fxe5 10. Nc3 c6 11. f4 exf4 12. Bxf4 Ng6 13. Bg3 Bc5 14. Rf1
Rf8 15. Ke2 b5 16. Rxf8+ Nxf8 17. Bg8 d6 18. Rf1 Bg4+ 19. Kd2 Be6 20. Rxf8+
Kxf8 21. Bxe6 Ke7 22. Bf5 Rh8 23. Ke2 Bd4 24. Bh4+ Bf6 25. Bxf6+ gxf6 26. Nd1
Rg8 27. Kf2 Kd8 28. Ne3 Ke7 29. h3 h5 30. Ng2 d5 31. Nf4 dxe4 32. Bxe4 Rg5 33.
c3 Kd6 34. h4 Rg4 35. Ng2 Rg8 36. Bf3 Rh8 37. Nf4 a5 38. Bxh5 Rh7 39. Kg3 c5
40. Bg6 Re7 41. h5 Re1 42. h6 Rh1 43. h7 Ke7 44. Be4 Rh6 45. h8=Q 1-0

[Event "7eme Open de Saint-Chely d'Aubrac"]
[Site "Saint-Chely d'Aubrac (12)"]
[Date "2007.07.21"]
[Round "9.15"]
[White "Wavresky, Andre"]
[Black "Messinger, Karl"]
[Result "1/2-1/2"]
[WhiteElo "1590"]
[BlackElo "1640"]
[PlyCount "44"]
[EventDate "2007.??.??"]

1. e4 c5 2. Nf3 Nc6 3. Bb5 g6 4. O-O Bg7 5. c3 d6 6. h3 a6 7. Bxc6+ bxc6 8. d4
cxd4 9. cxd4 Nf6 10. Nc3 O-O 11. Be3 Rb8 12. b3 Qa5 13. Bd2 Qd8 14. Qc1 Qb6 15.
Bh6 Qa5 16. Bxg7 Kxg7 17. Re1 Qh5 18. Qg5 Qxg5 19. Nxg5 h6 20. Nf3 Be6 21. Rad1
d5 22. exd5 cxd5 1/2-1/2

[Event "7eme Open de Saint-Chely d'Aubrac"]
[Site "Saint-Chely d'Aubrac (12)"]
[Date "2007.07.21"]
[Round "9.16"]
[White "Gazel, Bruno"]
[Black "Martinez, Loic"]
[Result "1/2-1/2"]
[WhiteElo "1630"]
[BlackElo "1880"]
[PlyCount "62"]
[EventDate "2007.??.??"]

1. e4 e5 2. Nf3 Nc6 3. d4 exd4 4. Nxd4 Bc5 5. Be3 Qf6 6. c3 Nge7 7. Bc4 O-O 8.
O-O Ne5 9. Be2 Qb6 10. b4 Bxd4 11. cxd4 N5g6 12. a3 d5 13. f3 Rd8 14. Nc3 c6
15. Rc1 Qc7 16. Qd2 Be6 17. Bd3 a5 18. b5 f6 19. a4 Bf7 20. Ne2 Qd6 21. Nf4 Qd7
22. Nxg6 Bxg6 23. bxc6 bxc6 24. Rc5 Qa7 25. Rfc1 Rdb8 26. exd5 cxd5 27. Bxg6
hxg6 28. Qc2 Nf5 29. Bf2 Rd8 30. g4 Nd6 31. Qxg6 Nc4 1/2-1/2

[Event "7eme Open de Saint-Chely d'Aubrac"]
[Site "Saint-Chely d'Aubrac (12)"]
[Date "2007.07.21"]
[Round "9.17"]
[White "Mayet, Lucas"]
[Black "Boulier, Rene"]
[Result "1-0"]
[WhiteElo "1741"]
[BlackElo "1971"]
[PlyCount "59"]
[EventDate "2007.??.??"]

1. d4 Nf6 2. c4 c5 3. Nf3 cxd4 4. Nxd4 g6 5. Nc3 Bg7 6. e3 O-O 7. Bd3 d6 8. O-O
Na6 9. a3 Nc5 10. b4 Ne6 11. Bb2 Bd7 12. Re1 Rc8 13. Rc1 Nc7 14. h3 e5 15. Nf3
Bc6 16. b5 Bd7 17. Be4 Nxe4 18. Nxe4 d5 19. cxd5 Bxb5 20. d6 Ne6 21. Rxc8 Qxc8
22. Nxe5 Rd8 23. Qb3 Ba6 24. d7 Qb8 25. f4 b6 26. Nc6 Qb7 27. Nxd8 Nxd8 28.
Nf6+ Kh8 29. Ne8 Qxd7 30. Bxg7+ 1-0

[Event "7eme Open de Saint-Chely d'Aubrac"]
[Site "Saint-Chely d'Aubrac (12)"]
[Date "2007.07.21"]
[Round "9.18"]
[White "Cuq, Christian"]
[Black "De Biasi, Robert"]
[Result "1/2-1/2"]
[WhiteElo "1720"]
[BlackElo "1825"]
[PlyCount "71"]
[EventDate "2007.??.??"]

1. c4 e5 2. Nc3 Nf6 3. a3 d5 4. cxd5 Nxd5 5. Nxd5 Qxd5 6. e3 Nc6 7. Qc2 Be7 8.
Qc4 Be6 9. Qxd5 Bxd5 10. Ne2 Bc4 11. Nc3 Bxf1 12. Rxf1 O-O 13. b4 a6 14. Bb2
Rfd8 15. Rd1 Rd3 16. f3 f5 17. Kf2 Rad8 18. Nb1 Bg5 19. Ke2 f4 20. e4 Bf6 21.
Nc3 R3d7 22. Nd5 Bg5 23. Kf2 Nd4 24. Bxd4 exd4 25. Rc1 c6 26. Nb6 Rd6 27. d3
Rh6 28. Kg1 Re6 29. Rc2 Be7 30. Rfc1 h5 31. Na4 h4 32. Nc5 Bxc5 33. Rxc5 Rg6
34. h3 Rdd6 35. Rf5 Rdf6 36. Rcc5 1/2-1/2

[Event "7eme Open de Saint-Chely d'Aubrac"]
[Site "Saint-Chely d'Aubrac (12)"]
[Date "2007.07.21"]
[Round "9.19"]
[White "Viennot, Kevin"]
[Black "Manser, Luca"]
[Result "1-0"]
[WhiteElo "1760"]
[BlackElo "1590"]
[PlyCount "161"]
[EventDate "2007.??.??"]

1. e4 c5 2. d3 Nc6 3. g3 g6 4. Bg2 Bg7 5. f4 e6 6. c3 Nge7 7. Nf3 O-O 8. O-O d5
9. e5 f6 10. Re1 Re8 11. Re2 Rf8 12. Re1 Rf7 13. Re2 Rf8 14. Re1 b6 15. d4 c4
16. exf6 Bxf6 17. Bh3 Qd6 18. Qe2 Nd8 19. Ng5 Bxg5 20. fxg5 Nf5 21. Bf4 Qd7 22.
Nd2 b5 23. Nf3 Nc6 24. Ne5 Nxe5 25. Qxe5 a5 26. a3 Ra6 27. Re2 Qg7 28. Rae1
Qxe5 29. Rxe5 a4 30. Bg4 Bd7 31. R5e2 Rb6 32. Rf1 Ra6 33. Ref2 Rf7 34. Bh3 Be8
35. Bg2 Bd7 36. Be5 Be8 37. Bf4 Bd7 38. Re1 Rb6 39. Ref1 Ra6 40. Be5 Be8 41.
Re1 Rc6 42. Bf6 Bd7 43. Re5 Rd6 44. Rf1 Bc8 45. Rf2 Bd7 46. Kf1 Bc8 47. Ke2 Bd7
48. Kf3 Bc8 49. Kg4 Bd7 50. Kh3 Bc8 51. Rf1 Bd7 52. Re2 Be8 53. g4 Ng7 54. Bxg7
Kxg7 55. Ref2 Rxf2 56. Rxf2 Bd7 57. Kg3 Rb6 58. h4 Rb8 59. h5 Rf8 60. Rxf8 Kxf8
61. Kf4 Kf7 62. Ke5 Bc8 63. Kd6 Ke8 64. Bf3 Bd7 65. Bd1 Kd8 66. Bc2 Be8 67.
Bxg6 Bxg6 68. hxg6 hxg6 69. Kxe6 Ke8 70. Kxd5 Kd7 71. Kc5 Ke6 72. Kxb5 Kd7 73.
Kxc4 Kc6 74. d5+ Kd6 75. Kd4 Kd7 76. c4 Kd6 77. c5+ Kd7 78. Kc4 Kc7 79. Kb4 Kd7
80. Kxa4 Kc7 81. Kb5 1-0

[Event "7eme Open de Saint-Chely d'Aubrac"]
[Site "Saint-Chely d'Aubrac (12)"]
[Date "2007.07.21"]
[Round "9.20"]
[White "Godard, Steven"]
[Black "Desboeufs, Claude"]
[Result "1-0"]
[WhiteElo "1499"]
[BlackElo "1660"]
[PlyCount "97"]
[EventDate "2007.??.??"]

1. e4 d6 2. Bc4 Nf6 3. d3 g6 4. Nc3 Bg7 5. Bg5 O-O 6. Qd2 e5 7. Bh6 Nbd7 8.
Bxg7 Kxg7 9. Nge2 a6 10. a4 Qe8 11. f3 Nb6 12. Bb3 Be6 13. Bxe6 Qxe6 14. a5
Nbd7 15. g4 Rac8 16. g5 Nh5 17. Ng3 Nf4 18. h4 c6 19. Nce2 Nxe2 20. Kxe2 d5 21.
h5 Rh8 22. h6+ Kg8 23. Rh4 c5 24. f4 exf4 25. Qxf4 Kf8 26. Kd2 Ke7 27. exd5
Qxd5 28. Re1+ Kd8 29. Qe3 Kc7 30. Re4 Rhf8 31. c4 Qd6 32. Ne2 Rcd8 33. Nc3 Kb8
34. Nd5 Qc6 35. b3 b5 36. axb6 Nxb6 37. Nxb6 Qxb6 38. Qf4+ Kc8 39. Re7 Qd6 40.
Qe4 Rd7 41. Qa8+ Kc7 42. Qa7+ Kc8 43. Rxd7 Qxd7 44. Qa8+ Kc7 45. Qxf8 Qf5 46.
Re7+ Kc6 47. Qa8+ Kb6 48. Qd8+ Kc6 49. Qc7# 1-0

[Event "7eme Open de Saint-Chely d'Aubrac"]
[Site "Saint-Chely d'Aubrac (12)"]
[Date "2007.07.21"]
[Round "9.21"]
[White "Schneider, Alec"]
[Black "Ruetsch, Johan"]
[Result "1/2-1/2"]
[WhiteElo "1199"]
[BlackElo "1590"]
[PlyCount "33"]
[EventDate "2007.??.??"]

1. e4 c5 2. Nf3 Nc6 3. d3 g6 4. Nc3 Bg7 5. Be2 Nf6 6. O-O O-O 7. Be3 b6 8. Qd2
Bb7 9. Bh6 Qc7 10. Bxg7 Kxg7 11. Rad1 Ba6 12. Rfe1 Rad8 13. d4 Bxe2 14. Rxe2
cxd4 15. Nxd4 Nxd4 16. Qxd4 d6 17. Rde1 1/2-1/2

[Event "7eme Open de Saint-Chely d'Aubrac"]
[Site "Saint-Chely d'Aubrac (12)"]
[Date "2007.07.21"]
[Round "9.22"]
[White "Le Picard, Christopher"]
[Black "Marie, Olivier"]
[Result "1/2-1/2"]
[WhiteElo "1560"]
[BlackElo "1550"]
[PlyCount "92"]
[EventDate "2007.??.??"]

1. d4 Nf6 2. c4 d6 3. Nc3 Bf5 4. Nf3 Na6 5. Bg5 h6 6. Bh4 g5 7. Bg3 Bg7 8. e3
O-O 9. Bd3 Bxd3 10. Qxd3 Nb4 11. Qd1 c5 12. a3 Nc6 13. Qc2 Qa5 14. h4 cxd4 15.
exd4 g4 16. Nd2 Nxd4 17. Qd3 Nc6 18. O-O Qh5 19. Nde4 Nd7 20. Nd5 Nce5 21.
Nxe7+ Kh8 22. Qxd6 f5 23. Nc3 f4 24. Bh2 Rf6 25. Qd5 Nb6 26. Qxb7 Qxh4 27. Ne4
Rf7 28. Ng6+ Nxg6 29. Qxf7 Ne5 30. Qxf4 Rf8 31. Qg3 Qxg3 32. Bxg3 Nbxc4 33.
Rac1 Nxb2 34. Rc7 a5 35. Kh1 Nec4 36. Ra7 Re8 37. Nc5 Bd4 38. Rc7 Nxa3 39. Nb3
Bb6 40. Rb7 Nac4 41. Rb1 Re6 42. Bf4 a4 43. Nd2 a3 44. Nxc4 Nxc4 45. Ra1 Bxf2
46. Rb8+ Kh7 1/2-1/2

[Event "7eme Open de Saint-Chely d'Aubrac"]
[Site "Saint-Chely d'Aubrac (12)"]
[Date "2007.07.21"]
[Round "9.23"]
[White "Tassetti, Florent"]
[Black "Meyer, Bernard"]
[Result "1-0"]
[WhiteElo "1560"]
[BlackElo "1410"]
[PlyCount "101"]
[EventDate "2007.??.??"]

1. Nf3 Nc6 2. g3 d5 3. Bg2 e5 4. O-O Nf6 5. d3 Bg4 6. Nbd2 Be7 7. c3 O-O 8. Qc2
Qd7 9. Re1 Rfd8 10. e4 d4 11. cxd4 exd4 12. Qb3 Bb4 13. a3 Bxf3 14. Bxf3 Bxd2
15. Bxd2 Rab8 16. Rac1 Ne5 17. Bg2 c6 18. Bf4 Re8 19. Rc5 Qd6 20. Bxe5 Qxc5 21.
Bxb8 Rxb8 22. e5 Nd5 23. Bxd5 Qxd5 24. Qxd5 cxd5 25. Rc1 b6 26. Rc7 Re8 27.
Rxa7 f6 28. exf6 gxf6 29. Rd7 Re1+ 30. Kg2 Rd1 31. Rxd5 Rxd3 32. Kf1 Kf7 33.
Ke2 Ke6 34. Rd7 Rb3 35. Rxh7 Rxb2+ 36. Kd3 Kd5 37. Rd7+ Kc5 38. Rxd4 Rb3+ 39.
Ke4 Rxa3 40. h4 Ra5 41. Rd5+ Kc4 42. Rxa5 bxa5 43. h5 a4 44. h6 a3 45. h7 a2
46. h8=Q a1=Q 47. Qc8+ Kb5 48. Qb7+ Kc4 49. Qd5+ Kb4 50. Qd4+ Qxd4+ 51. Kxd4
1-0

[Event "7eme Open de Saint-Chely d'Aubrac"]
[Site "Saint-Chely d'Aubrac (12)"]
[Date "2007.07.21"]
[Round "9.24"]
[White "Veys, Vincent"]
[Black "Jaafar, Nacer"]
[Result "1-0"]
[WhiteElo "1490"]
[BlackElo "1460"]
[PlyCount "123"]
[EventDate "2007.??.??"]

1. e4 e5 2. Nf3 Nc6 3. Nc3 Nge7 4. Bc4 g6 5. O-O Bg7 6. d3 O-O 7. Bg5 h6 8.
Bxe7 Qxe7 9. Ne2 Kh7 10. d4 d6 11. d5 Nb8 12. Ng3 f5 13. exf5 gxf5 14. Re1 f4
15. Bd3+ Kh8 16. Ne2 Bg4 17. Nc3 Bxf3 18. Qxf3 Qf7 19. Qe4 Qg8 20. Qf3 Nd7 21.
Ne4 Nf6 22. Ng5 hxg5 23. Qh3+ Nh7 24. Be4 Rf6 25. Rad1 Raf8 26. Rd3 Rh6 27. Qd7
Rf7 28. Qb5 b6 29. Qa6 Nf6 30. Qxa7 Nxe4 31. Rxe4 Qh7 32. Re1 Rxh2 33. Kf1 Rh1+
34. Ke2 Qh5+ 35. f3 Rxe1+ 36. Kxe1 Qh1+ 37. Kf2 Qh4+ 38. Kf1 Bf8 39. Rc3 Qh7
40. a4 e4 41. fxe4 f3 42. Rxf3 Rxf3+ 43. gxf3 Qh1+ 44. Ke2 Qg2+ 45. Ke3 Qxc2
46. b4 Qc3+ 47. Ke2 Qxb4 48. Qxc7 Qb2+ 49. Ke3 Qa3+ 50. Ke2 Qc5 51. Qd8 Qc2+
52. Ke3 Qxa4 53. Qxf8+ Kh7 54. Qxd6 Qb3+ 55. Kf2 Qc2+ 56. Ke3 Qc3+ 57. Kf2 Qc2+
58. Kg3 Qc1 59. Qe7+ Kh8 60. Kg4 Qf4+ 61. Kh5 Qxf3+ 62. Kg6 1-0

[Event "7eme Open de Saint-Chely d'Aubrac"]
[Site "Saint-Chely d'Aubrac (12)"]
[Date "2007.07.21"]
[Round "9.25"]
[White "Heudre, Clement"]
[Black "Schneider, Martin"]
[Result "1-0"]
[WhiteElo "1420"]
[BlackElo "1199"]
[PlyCount "47"]
[EventDate "2007.??.??"]

1. e4 e5 2. Nf3 d6 3. Bc4 Be7 4. h3 Nf6 5. d3 O-O 6. Bg5 Be6 7. Bb3 Nbd7 8.
Nbd2 Bxb3 9. axb3 h6 10. Bh4 Nh5 11. g3 Bxh4 12. Nxh4 Nhf6 13. Nf5 b6 14. g4
Nh7 15. Nf3 Ng5 16. h4 Nxf3+ 17. Qxf3 f6 18. Qe3 a5 19. Rg1 Rf7 20. g5 fxg5 21.
hxg5 hxg5 22. Rxg5 Qf6 23. Rg2 Re8 24. Nh6+ 1-0

[Event "7eme Open de Saint-Chely d'Aubrac"]
[Site "Saint-Chely d'Aubrac (12)"]
[Date "2007.07.21"]
[Round "9.26"]
[White "Vernet, Pierrick"]
[Black "Carrie, Emilien"]
[Result "1-0"]
[WhiteElo "1199"]
[BlackElo "1240"]
[PlyCount "55"]
[EventDate "2007.??.??"]

1. e4 e5 2. Nf3 Nc6 3. Bc4 Nf6 4. d3 Bc5 5. Bg5 h6 6. Bxf6 Qxf6 7. Nc3 Ne7 8.
Nb5 Bb6 9. d4 d6 10. b4 Qg5 11. Qd3 Qxg2 12. Rf1 Bg4 13. Rg1 Qxf3 14. Rxg4 Qxg4
15. f3 Qg1+ 16. Qf1 Qxh2 17. Rc1 a5 18. Qf2 Qf4 19. Ra1 axb4 20. a4 c6 21.
Nxd6+ Kf8 22. Nxb7 exd4 23. a5 Qe5 24. Qd2 Bxa5 25. Nxa5 Rxa5 26. Rxa5 Qxa5 27.
Qf4 Qc5 28. Qxf7# 1-0